000 00561nam a22002057a 4500
005 20140811104151.0
010 _aENG-110354
020 _a9789350623572
_c475.00
035 _aEN-93886
037 _bDBAD/PUB
082 _a658.8
100 _aKazmi, S. H. H.
245 _aMarketing management /
_cby S. H. H. Kazmi
250 _a2nd ed
260 _aNew Delhi
_bExcel Books
_c2014
270 _aA-45, Naraina, Phase I
_bNew Delhi
_e110028
300 _axx,640p.
_c28cm(pbk)
500 _aIncludes index
942 _2ddc
_cEN
_mKAZ
_h658.8
999 _c86297
_d86297